Statistics for Most populous South American Cities

Click here to take the quiz!

General Stats

  • This quiz has been taken 25 times
  • The average score is 8 of 10

Answer Stats

RankPop.Answer% Correct
#113 MillionBuenos Aires
100%
#56 MillionRio de Janeiro
100%
#210 MillionSao Paulo
100%
#73 MillionCaracas
96%
#37.75 MillionLima
96%
#47.5 MillionBogota
91%
#65 MillionSantiago
91%
#92.5 MillionFortaleza
57%
#82.75 MillionSalvador
52%
#102.5 MillionCali
48%

Score Distribution

Percentile by Number Answered

Percent of People with Each Score

Your Score History

You have not taken this quiz